| 000 | 00897nam a2200217Ia 4500 | ||
|---|---|---|---|
| 999 |
_c5041 _d5041 |
||
| 003 | OSt | ||
| 005 | 20200506111828.0 | ||
| 008 | 191128s2002 wau gr 000 0 spa d | ||
| 020 | _a821351052 | ||
| 040 |
_aCO-JMCR _cCO-JMCR |
||
| 041 | 0 | _aspa | |
| 082 | 0 | 4 |
_a306.42 / _bW674i |
| 110 | 1 |
_aWorld Bank Group _93995 |
|
| 245 | 1 | 0 |
_aInformation and communication technologies : _ba world bank group strategy / _cWorld Bank Group |
| 260 |
_aWashington : _bThe World Bank Group, _c2002 |
||
| 300 |
_a82 páginas : _c28 cm. |
||
| 505 | _aKnowledge, information and communication technologies,and the scope of the sector strategy paper -- Information infrastructure and development -- Past performance and new challenges -- Strategic directions in informaction infrastructure | ||
| 650 | 1 | 4 |
_aSociología del conocimiento _93996 |
| 650 | 2 | 4 |
_aTecnologías de la comunicación _93997 |
| 942 |
_2ddc _cBK |
||